Využitie relačného databázového systému pri realizácii hmotnej zainteresovanosti vnútropodnikových útvarov na splnení celoročných úloh

Bibliographic Details
Main Author: Kučera, Milan, 1950-2022 (Author)
Format: Article
Language:Slovak
PhysicalDescription:Tab. 3, res. angl., rus.
Subjects:

MARC

LEADER 00000nab a2200000 a 4500
001 vtls000573862
003 SK-MaSNL
005 20260303013600.0
008 120929c1991 xo 0 slo
015 |a SNBRA19rr/mm-uuuuu 
035 |a CL0574000 
040 |a SNKBUCL  |b slo  |c SNKBUCL  |e AACR2 
041 0 |a slo 
044 |a xo  |c SK 
080 |a 658.324.2:681.3  |2 1981 
080 |a 681.3  |2 1981 
100 1 |a Kučera, Milan,  |d 1950-2022  |4 aut  |9 196410 
245 1 0 |a Využitie relačného databázového systému pri realizácii hmotnej zainteresovanosti vnútropodnikových útvarov na splnení celoročných úloh  |c Milan Kučera 
300 |b Tab. 3, res. angl., rus. 
650 0 7 |a podniky  |2 snkbucl  |9 923 
650 0 7 |a hmotná zainteresovanosť  |2 snkbucl  |9 83224 
650 0 7 |a systémy databázové relačné  |2 snkbucl  |9 972300 
655 7 |a články zo zborníkov  |2 snkbucl  |9 166140 
773 0 |t Acta informatica et rationalisationis directiva 2  |d Bratislava : Príroda, 1991  |g S. 211-218 
850 |a Slovenská národná knižnica v Martine  |a MTA001 
852 |a SNK  |b KIS3GCP 
958 |a RK 
992 |a RZB 
999 |c 1603421  |d 1605351